[Event "Challenge"]
[Site "http://www.queenalice.com/game.php?id=1582272"]
[Date "2019.9.2"]
[Round "-"]
[White "AuntieRenie"]
[Black "Scaracioli"]
[Result "0-1"]
[WhiteElo "1631"]
[BlackElo "1751"]

1. c4 c5 2. Nc3 Nc6 3. g3 Nf6 4. Bg2 e5 5. d3 d6 6. Bg5 Be7 7. Nf3 h6 8. Bxf6
Bxf6 9. O-O Be6 10. Nd5 Bxd5 11. cxd5 Ne7 12. Nd2 O-O 13. Ne4 Nxd5 14. Nd2 Nc7
15. Bxb7 Rb8 16. Be4 d5 17. Bg2 Rxb2 18. Nb3 Qe7 19. e3 Rb8 20. Qc1 e4 21. Qxc5
Qxc5 22. Nxc5 Rd2 23. Nd7 Rbb2 24. Nxf6+ gxf6 25. dxe4 dxe4 26. Bxe4 Rxa2 27.
Rac1 Ne6 28. Rc8+ Kg7 29. Rb1 Rxf2 30. Rbc1 f5 31. Bd5 Kf6 32. R8c6 Rad2 33. Rc8
Rfe2 34. R8c3 Rxh2 35. Rc6 Rhe2 36. Bb3 Rxe3 37. Ra6 Rxb3 38. g4 Rg3+ 39. Kh1
Rxg4 40. Rxa7 h5 41. Ra8 h4 42. Raa1 h3 43. Rg1 Rdg2 44. Rgf1 Nf4 45. Ra6+ Kg5
46. Ra8 Ng6 47. Raa1 f4 48. Rg1 f3 49. Ra5+ Kh4 50. Rc1 h2 51. Rf5 f2 52. Rxf7
Rg1+ 53. Kxh2 R4g2# 0-1

[Event "Challenge"]
[Site "http://www.queenalice.com/game.php?id=1585138"]
[Date "2019.9.29"]
[Round "-"]
[White "AuntieRenie"]
[Black "ajr"]
[Result "0-1"]
[WhiteElo "1640"]
[BlackElo "1546"]

1. c4 Nf6 2. Nc3 Nc6 3. g3 e5 4. d3 h6 5. Nf3 Bb4 6. Qd2 d6 7. a3 Bxc3 8. Qxc3
O-O 9. b4 Bg4 10. Bg2 Bxf3 11. Bxf3 Re8 12. Bb2 Qe7 13. Rd1 Nd4 14. Bxb7 c6 15.
Bxa8 Rxa8 16. O-O Nxe2+ 17. Kg2 Nxc3 18. Bxc3 Nd7 19. Rfe1 f6 20. d4 Qf7 21.
dxe5 fxe5 22. c5 dxc5 23. bxc5 Re8 24. Rd2 g5 25. Rde2 Qd5+ 26. Kg1 Qxc5 27. Bb4
Qd4 28. Re4 Qd5 29. f3 c5 30. Ba5 Qb3 31. Bc7 Qxf3 32. Bxe5 Nxe5 33. Rxe5 Rxe5
34. Rxe5 Qd1+ 35. Kg2 c4 36. Re8+ Kf7 37. Ra8 Qd5+ 38. Kh3 Qxa8 0-1

[Event "Challenge"]
[Site "http://www.queenalice.com/game.php?id=1585682"]
[Date "2019.10.4"]
[Round "-"]
[White "AuntieRenie"]
[Black "noroc"]
[Result "1-0"]
[WhiteElo "1611"]
[BlackElo "1932"]

1. c4 e5 2. Nc3 Nc6 3. g3 Nf6 4. d3 Be7 5. Bg2 d6 6. Qa4 Bd7 7. Nd5 Nd4 8. Qd1
c6 9. Ne3 O-O 10. Nf3 Nxf3+ 11. Bxf3 Bh3 12. Qb3 Qc8 13. Bd2 a5 14. Bc3 a4 15.
Qc2 h5 16. d4 Ng4 17. Qe4 Nf6 18. Qc2 Qe6 19. Bg2 Bxg2 20. Nxg2 e4 21. Nf4 Qxc4
22. O-O b5 23. b3 1-0

[Event "Challenge"]
[Site "http://www.queenalice.com/game.php?id=1588436"]
[Date "2019.10.31"]
[Round "-"]
[White "WLAO"]
[Black "AuntieRenie"]
[Result "1-0"]
[WhiteElo "1561"]
[BlackElo "1610"]

1. e4 d6 2. d4 Nf6 3. Nd2 g6 4. Bc4 Bg7 5. Bxf7+ Kxf7 6. d5 Bg4 7. Ngf3 Nbd7 8.
O-O Ne5 9. Qe2 a6 10. b3 Nxf3+ 11. Nxf3 Nh5 12. Ng5+ Kg8 13. Qxg4 Bxa1 14. Qe6+
Kg7 15. Nf7 Qe8 16. Nxh8 Qxh8 17. Qxe7+ Kg8 18. Qxc7 Qg7 19. Qxd6 Nf6 20. Bg5
Nxe4 21. Qf4 Nxg5 22. Qxg5 Bf6 23. Qf4 Rc8 24. c4 Re8 25. d6 Be5 26. Qd2 Rd8 27.
c5 Bc3 28. Qd5+ Kh8 29. h3 Qe5 30. Qxb7 Qf4 31. Qxa6 Be5 32. g3 Qf3 33. Qb6 Rf8
34. d7 Bf6 35. c6 Bc3 36. c7 Be1 37. Rxe1 Qxf2+ 38. Qxf2 Rxf2 39. d8=Q+ Kg7 40.
Kxf2 Kh6 41. c8=Q 1-0

[Event "Challenge"]
[Site "http://www.queenalice.com/game.php?id=1588439"]
[Date "2019.10.31"]
[Round "-"]
[White "ajr"]
[Black "AuntieRenie"]
[Result "1/2-1/2"]
[WhiteElo "1668"]
[BlackElo "1608"]

1. Nf3 Nf6 2. Nc3 d5 3. d4 g6 4. h3 Bg7 5. g4 O-O 6. e3 Nbd7 7. b3 Nb6 8. a4 Ne4
9. Nxe4 dxe4 10. Nd2 f5 11. Nc4 e6 12. Nxb6 axb6 13. f3 Qd5 14. f4 c6 15. g5 c5
16. c3 cxd4 17. exd4 Rd8 18. h4 e3 19. Rh3 Qe4 20. Rf3 Bxd4 21. Rxe3 Bxc3+ 22.
Bd2 Bxd2+ 23. Qxd2 Rxd2 24. Kxd2 Qxf4 25. Rc1 Qxh4 26. Bc4 Qxg5 27. Kd3 f4 28.
Bxe6+ Bxe6 29. Rxe6 Qd5+ 30. Kc2 Qxe6 31. Kb2 f3 32. Ka3 f2 33. Rf1 Qe2 34. Rxf2
Qxf2 35. b4 Rc8 36. a5 bxa5 37. b5 Rc3+ 38. Ka4 b6 1/2-1/2

[Event "Challenge"]
[Site "http://www.queenalice.com/game.php?id=1588456"]
[Date "2019.10.31"]
[Round "-"]
[White "AuntieRenie"]
[Black "chessdalion"]
[Result "0-1"]
[WhiteElo "1584"]
[BlackElo "1504"]

1. c4 c5 2. Nc3 Nc6 3. g3 g6 4. Bg2 Bg7 5. e3 e6 6. Nge2 Nge7 7. O-O O-O 8. a3
a6 9. Na4 b5 10. cxb5 axb5 11. Nac3 Ba6 12. Bxc6 dxc6 13. Kg2 b4 14. Ne4 Qd5 15.
f3 f5 16. Nf4 Bxf1+ 17. Qxf1 Qe5 18. a4 fxe4 19. Rb1 Rxa4 20. Qc4 Nd5 21. fxe4
Nxf4+ 22. Kg1 Nh3+ 23. Kg2 Rf2+ 24. Kxh3 Qh5# 0-1

[Event "Challenge"]
[Site "http://www.queenalice.com/game.php?id=1589597"]
[Date "2019.11.10"]
[Round "-"]
[White "Scaracioli"]
[Black "AuntieRenie"]
[Result "1-0"]
[WhiteElo "1724"]
[BlackElo "1592"]

1. e4 d6 2. d4 Nf6 3. Nc3 g6 4. h3 Bg7 5. Be3 O-O 6. Bd3 Nbd7 7. Nge2 b6 8. Nd5
Nxd5 9. exd5 Bb7 10. c4 c5 11. dxc6 Bxc6 12. f3 b5 13. cxb5 Bb7 14. a4 e5 15. b4
Qe7 16. Qd2 exd4 17. Bf2 Rfe8 18. O-O d5 19. Bxd4 Qe6 20. Bxg7 Kxg7 21. Rfe1
Qb6+ 22. Kh1 Ne5 23. a5 Qd6 24. a6 Bc8 25. Be4 Be6 26. Red1 Nc4 27. Qc3+ f6 28.
Rd4 Rec8 29. Rc1 Rc7 30. Bc2 Nb6 31. Qb3 Rc4 32. Rcd1 Rac8 33. Bd3 Rxd4 34. Nxd4
Bxh3 35. gxh3 Qg3 36. Qb2 Qxh3+ 37. Kg1 h5 38. Qg2 Qh4 39. Qxg6+ Kh8 40. Qh7#
1-0

[Event "Challenge"]
[Site "http://www.queenalice.com/game.php?id=1589598"]
[Date "2019.11.10"]
[Round "-"]
[White "AuntieRenie"]
[Black "Scaracioli"]
[Result "1-0"]
[WhiteElo "1581"]
[BlackElo "1709"]

1. c4 c5 2. Nc3 Nf6 3. Nf3 d6 4. d3 e5 5. g3 Be7 6. Bg2 Be6 7. Ng5 d5 8. Nxe6
fxe6 9. Qb3 Nc6 10. Qxb7 Na5 11. Qa6 Qb6 12. Qxb6 axb6 13. Nb5 O-O 14. Nc7 Ra7
15. Nxe6 Rf7 16. cxd5 Rd7 17. e4 b5 18. Be3 c4 19. Bb6 Nb7 20. Bc7 Nc5 21. dxc4
Nfxe4 22. Bxe5 Nd3+ 23. Ke2 Nexf2 24. Rhf1 Nxe5 25. Rxf2 Rxf2+ 26. Kxf2 Nxc4 27.
b3 Ne5 28. a4 b4 29. a5 Nd3+ 30. Ke2 Nc5 31. Nxc5 Bxc5 32. a6 Kf7 33. Ra5 Re7+
34. Kd3 Re3+ 35. Kc4 Rc3+ 36. Kb5 Bg1 37. Kxb4 Rd3 38. a7 Bxa7 39. Rxa7+ Kf6 40.
Rd7 h5 41. d6 g6 42. Rd8 Ke6 43. Kc5 Rc3+ 44. Kb4 Rc2 45. Bh3+ Kd5 46. d7 Rxh2
47. Bf1 Rf2 48. Bc4+ Kd6 49. Bb5 Rd2 50. Rg8 Ke7 51. Rxg6 Rd4+ 52. Ka5 Rd5 53.
Rg7+ Kd8 54. Kb6 Rd6+ 55. Kc5 Rd2 56. Rg8+ Kc7 57. Rg7 Rc2+ 58. Kb4 Rd2 59. Rh7
Rd4+ 60. Kc3 Rd5 61. Ba4 Rd6 62. Rxh5 Rxd7 63. Bxd7 Kxd7 64. Kd4 Ke6 65. g4 Kf6
66. b4 Ke6 67. Rd5 1-0

[Event "Challenge"]
[Site "http://www.queenalice.com/game.php?id=1591495"]
[Date "2019.11.28"]
[Round "-"]
[White "ajr"]
[Black "AuntieRenie"]
[Result "1-0"]
[WhiteElo "1637"]
[BlackElo "1602"]

1. d4 d5 2. h3 e6 3. Nf3 g6 4. a3 Bg7 5. Nc3 Ne7 6. Bf4 b6 7. Be5 Bxe5 8. Nxe5
O-O 9. e3 Nd7 10. Nxd7 Bxd7 11. g4 Qc8 12. Bb5 a6 13. Bxd7 Qxd7 14. Qf3 c5 15.
dxc5 bxc5 16. b3 d4 17. Ne4 Qb7 18. Nf6+ Kg7 19. Qxb7 Kxf6 20. Qf3+ Kg7 21. g5
Nf5 22. Qf4 Rad8 23. e4 Nd6 24. Qf6+ Kg8 25. f3 Nb5 26. Kf2 Nc3 27. Qe7 Rde8 28.
Qxc5 e5 29. h4 Nb5 30. Qc6 Ra8 31. a4 Nc3 32. Qc5 Rfe8 33. Qc6 Rec8 34. Qd6 Re8
35. Ke1 Re6 36. Qb4 f6 37. Qc4 Kf7 38. Kd2 Ra7 39. gxf6 Kxf6 40. Qc5 a5 41. Rhf1
Raa6 42. Qf8# 1-0

[Event "Challenge"]
[Site "http://www.queenalice.com/game.php?id=1593549"]
[Date "2019.12.20"]
[Round "-"]
[White "Scaracioli"]
[Black "AuntieRenie"]
[Result "1-0"]
[WhiteElo "1609"]
[BlackElo "1587"]

1. e4 d6 2. d4 Nf6 3. Nc3 g6 4. h3 Bg7 5. Be3 O-O 6. Bf4 Nbd7 7. Qd2 c5 8. d5
Nh5 9. Be3 Ne5 10. Be2 e6 11. f4 Nd7 12. dxe6 fxe6 13. Qxd6 Qa5 14. Qxe6+ Kh8
15. Bd2 Ng3 16. Rh2 Nb6 17. Qd6 Nxe2 18. Ngxe2 Nc4 19. Qe7 Nxd2 20. Kxd2 Qd8+
21. Qxd8 Rxd8+ 22. Ke3 Bd4+ 23. Nxd4 cxd4+ 24. Kf3 dxc3 25. bxc3 Rd2 26. Rc1 Be6
27. Rhh1 Rf8 28. g3 Bxa2 29. e5 Bd5+ 30. Ke3 Rg2 31. Rcd1 Rd8 32. Rd4 Rxc2 33.
Rhd1 Rxc3+ 34. Kd2 Rc5 35. Ke3 b5 36. g4 a5 37. Kf2 b4 38. f5 gxf5 39. gxf5 b3
40. Ke3 Kg7 41. f6+ Kf7 42. Kf4 h6 43. h4 Bf3 44. Rxd8 Bxd1 45. Rxd1 Kg6 46.
Rg1+ Kf7 47. Kf5 b2 48. Rg7+ Kf8 49. Rb7 Rc2 50. e6 a4 51. Rb8+ 1-0

[Event "Challenge"]
[Site "http://www.queenalice.com/game.php?id=1593550"]
[Date "2019.12.20"]
[Round "-"]
[White "AuntieRenie"]
[Black "Scaracioli"]
[Result "1-0"]
[WhiteElo "1572"]
[BlackElo "1628"]

1. c4 e5 2. Nc3 Nf6 3. d3 c6 4. Nf3 d6 5. Bg5 h6 6. Bxf6 Qxf6 7. Ne4 Qe7 8. g3
Bf5 9. Nh4 Bh7 10. Bg2 f5 11. Nc3 g5 12. Nf3 Nd7 13. Qb3 b6 14. Nd2 Rc8 15. Qa3
a5 16. b4 axb4 17. Qxb4 c5 18. Qb5 Bg7 19. Nd5 Qd8 20. Rb1 Rb8 21. O-O O-O 22.
Qc6 Nf6 23. Nxf6+ Rxf6 24. Qd5+ Kh8 25. e3 Bg8 26. Qf3 Be6 27. Rfe1 Qe8 28. e4
f4 29. Bf1 Qd7 30. Qe2 g4 31. Rec1 f3 32. Qe3 h5 33. Rb3 Bh6 34. Qe1 b5 35. Rcb1
b4 36. a3 Rff8 37. axb4 cxb4 38. Rxb4 Rxb4 39. Rxb4 Rc8 40. Qc1 d5 41. exd5 Bxd5
42. Qc3 Bxd2 43. Qxd2 Bxc4 44. Qh6+ Kg8 45. dxc4 Rc6 46. Qxh5 Qe6 47. Qg5+ Qg6
48. Qxg6+ Rxg6 49. c5 Kf7 50. Rb5 Rc6 51. Bc4+ Ke8 52. Bd5 Ra6 53. Rb1 Ke7 54.
c6 Kd6 55. Rd1 Kc7 56. Rc1 Ra5 57. Be4 Ra4 58. Bf5 Rd4 59. Bd7 Rd6 60. Be8 e4
61. Re1 Re6 62. Bd7 Rd6 63. Bxg4 Kxc6 64. Bf5 e3 65. Be4+ Kc5 66. Bxf3 exf2+ 67.
Kxf2 Rd2+ 68. Kg1 Kd4 69. h4 Kd3 70. h5 Kc2 71. h6 Rd7 72. Be4+ Kd2 73. Rf1 Ke3
74. Bb1 Ke2 75. h7 Rd8 76. Bg6 Rh8 77. Bf5 Rd8 78. g4 Rh8 79. g5 Ke3 80. g6 Kd4
81. g7 Re8 82. g8=Q Rxg8+ 83. hxg8=Q Ke3 84. Qe8+ Kd4 85. Rd1+ Kc3 86. Qc8+ Kb2
87. Rb1+ 1-0

[Event "Challenge"]
[Site "http://www.queenalice.com/game.php?id=1594883"]
[Date "2020.1.2"]
[Round "-"]
[White "AuntieRenie"]
[Black "ajr"]
[Result "0-1"]
[WhiteElo "1565"]
[BlackElo "1635"]

1. c4 c5 2. Nc3 e6 3. Nf3 a6 4. Qa4 Nf6 5. Ne5 Qc7 6. Nf3 Qc6 7. Ne5 Qxa4 8.
Nxa4 d6 9. Nf3 Nbd7 10. b3 b5 11. cxb5 axb5 12. Nc3 b4 13. Nb5 Kd8 14. g3 g5 15.
Bb2 Ba6 16. e3 e5 17. Nxg5 Ke7 18. Bc4 d5 19. Nc7 dxc4 20. Nxa8 Bb7 21. Nc7 Bxh1
22. Ke2 Bc6 23. a3 h6 24. Nh3 Kd6 25. Na6 Nd5 26. axb4 cxb3 27. bxc5+ Nxc5 28.
Nxc5 Kxc5 29. Bxe5 Rg8 30. Rb1 Kb4 31. Nf4 Nxf4+ 32. Bxf4 Bc5 33. Bxh6 Bb5+ 34.
d3 Kc3 35. Rc1+ Kb4 36. Rb1 Rd8 37. Kd2 Bxd3 38. Bf4 Bxb1+ 39. Kc1 Bc2 40. Kb2
Rd2 41. Be5 Rxf2 42. Bc3+ Kc4 43. h4 Be4+ 44. Ka1 Kxc3 0-1

[Event "Challenge"]
[Site "http://www.queenalice.com/game.php?id=1597455"]
[Date "2020.1.26"]
[Round "-"]
[White "AuntieRenie"]
[Black "ThiagoSousa"]
[Result "0-1"]
[WhiteElo "1590"]
[BlackElo "1850"]

1. c4 e5 2. Nc3 Bb4 3. Nf3 d6 4. Qa4+ Nc6 5. Nd5 a5 6. a3 Bc5 7. d3 Bd7 8. e3
Nd4 9. Nxd4 Bxa4 10. Nf5 Nf6 11. Nxg7+ Kf8 12. Nf5 Nxd5 13. cxd5 Bb3 14. e4 c6
15. Be2 cxd5 16. Bh5 dxe4 17. dxe4 Rg8 18. g3 Bc2 19. Bf3 b5 20. Bd2 d5 21. Ne3
dxe4 22. Bh5 Qg5 23. Bxf7 Kxf7 24. Nxc2 Bxf2+ 25. Kxf2 Qxd2+ 26. Kg1 Qxc2 27.
Rf1+ Ke6 28. Rf2 Qc5 29. Kg2 e3 30. Re2 Qd5+ 0-1

[Event "Challenge"]
[Site "http://www.queenalice.com/game.php?id=1601046"]
[Date "2020.2.28"]
[Round "-"]
[White "AuntieRenie"]
[Black "avieytoa"]
[Result "0-1"]
[WhiteElo "1552"]
[BlackElo "1699"]

1. c4 Nc6 2. Nc3 Nf6 3. Nf3 e5 4. d3 Bb4 5. Bd2 O-O 6. Qc2 d6 7. Nd5 Bxd2+ 8.
Nxd2 Nd4 9. Qc1 c6 10. Nc3 Bg4 11. h3 Bh5 12. e3 Ne6 13. g4 Bg6 14. e4 Nd4 15.
Ne2 Nxe2 16. Bxe2 h6 17. Nf3 Qa5+ 18. Qd2 Qxd2+ 19. Kxd2 a6 20. Ng1 b5 21. h4
Nd7 22. g5 h5 23. Rc1 b4 24. Nf3 f6 25. Bd1 fxg5 26. Ke3 g4 27. Nd2 Nc5 28. b3
a5 29. Rg1 Kh7 30. f3 gxf3 31. Nxf3 Rf4 32. Ng5+ Kh6 33. Nf3 Raf8 34. Be2 Ne6
35. Rg3 c5 36. Rcg1 R8f6 37. Ng5 Nd4 38. Nh3 Rxh4 39. Bxh5 Rxh5 40. Nf2 Nc2+ 41.
Ke2 Rh2 42. R3g2 Rxg2 43. Rxg2 Bh5+ 44. Kd2 Nd4 45. Rh2 Nf3+ 46. Kc2 Nxh2 0-1

[Event "Challenge"]
[Site "http://www.queenalice.com/game.php?id=1601696"]
[Date "2020.3.4"]
[Round "-"]
[White "AuntieRenie"]
[Black "tche_elvio"]
[Result "1-0"]
[WhiteElo "1542"]
[BlackElo "1533"]

1. c4 c5 2. Nc3 Nf6 3. Nf3 Nc6 4. b3 g6 5. Ba3 Bg7 6. Bxc5 d6 7. Ba3 O-O 8. Rc1
b6 9. Na4 Nd7 10. Qc2 Nd4 11. Qe4 Nxf3+ 12. Qxf3 Ne5 13. Qxa8 Bd7 14. Qe4 Bxa4
15. bxa4 a5 16. d4 Nd7 17. e3 Nf6 18. Qf3 Qd7 19. Bd3 h5 20. O-O Qg4 21. Qc6 Nd7
22. Qd5 Nf6 23. Qb7 Ne4 24. Bxe4 Qc8 25. Qxe7 Qd8 26. Qxd6 Qxd6 27. Bxd6 Re8 28.
c5 bxc5 29. Bxc5 Rxe4 30. Bb6 1-0

[Event "Challenge"]
[Site "http://www.queenalice.com/game.php?id=1603788"]
[Date "2020.3.23"]
[Round "-"]
[White "AuntieRenie"]
[Black "ajr"]
[Result "1-0"]
[WhiteElo "1558"]
[BlackElo "1675"]

1. c4 e5 2. Nc3 c6 3. e4 Nf6 4. d3 Bb4 5. Bd2 Bxc3 6. Bxc3 d6 7. d4 Nxe4 8. dxe5
Nxc3 9. bxc3 dxe5 10. Qe2 f6 11. Rd1 Qa5 12. Qd2 Be6 13. Be2 Qa4 14. Qd8+ Kf7
15. Qxh8 h6 16. Bh5+ g6 17. Qh7+ Ke8 18. Qxg6+ Ke7 19. Qe8# 1-0

[Event "Challenge"]
[Site "http://www.queenalice.com/game.php?id=1607107"]
[Date "2020.4.11"]
[Round "-"]
[White "AuntieRenie"]
[Black "Tassiac"]
[Result "0-1"]
[WhiteElo "1555"]
[BlackElo "1767"]

1. c4 Nf6 2. Nc3 e5 3. d3 c6 4. a3 d5 5. Qb3 Be7 6. g3 O-O 7. Bg2 dxc4 8. Qxc4
Be6 9. Qa4 Nbd7 10. Nf3 Nc5 11. Qc2 Bb3 12. Qd2 e4 13. dxe4 Ncxe4 14. Qxd8 Raxd8
15. O-O h6 16. Be3 Bc5 17. Bxc5 Nxc5 18. e3 Nd3 19. Nd4 Nc5 20. a4 Rfe8 21. Nxb3
Nxb3 22. Ra3 Nd2 23. Rd1 Nc4 24. Rb3 Rxd1+ 25. Nxd1 Rd8 26. Nc3 Na5 27. Rb4 Rd2
28. Ne4 Rd1+ 29. Bf1 Nd5 30. Rd4 Rxd4 31. exd4 Nb6 32. Nc3 Nb3 33. Bg2 Nxd4 34.
a5 Nc4 35. b4 Nc2 36. b5 Nxa5 37. Kf1 Nd4 38. bxc6 Naxc6 39. Bh3 Ne5 40. Bc8 b6
41. Nd5 Kf8 42. f4 Ng6 43. Nb4 Ke7 44. g4 Nxf4 45. Kf2 Kd6 46. Ke3 Ke5 47. Bb7
a5 48. Na6 Nd5+ 49. Kd3 Ne6 50. Kc2 Ne3+ 51. Kb3 Nxg4 52. h3 Nf2 53. h4 Ne4 54.
Ka4 N4c5+ 55. Nxc5 Nxc5+ 56. Kb5 Nxb7 57. Kxb6 a4 58. Kxb7 a3 59. Kc7 a2 60. Kd7
a1=Q 61. Ke7 Qa7+ 62. Kf8 Kf6 0-1

[Event "Challenge"]
[Site "http://www.queenalice.com/game.php?id=1608191"]
[Date "2020.4.18"]
[Round "-"]
[White "Scaracioli"]
[Black "AuntieRenie"]
[Result "1-0"]
[WhiteElo "1692"]
[BlackElo "1579"]

1. e4 d6 2. d4 Nf6 3. Bd3 d5 4. e5 Nfd7 5. Nc3 e6 6. Nf3 f6 7. Bf4 g5 8. Bg3 h6
9. a3 Bg7 10. Qe2 Nc6 11. Qe3 fxe5 12. Nxe5 Ncxe5 13. dxe5 Bf8 14. h4 Bc5 15.
Qd2 g4 16. O-O-O b6 17. Qf4 Bb7 18. Bg6+ Ke7 19. Qf7# 1-0

[Event "Challenge"]
[Site "http://www.queenalice.com/game.php?id=1608192"]
[Date "2020.4.18"]
[Round "-"]
[White "AuntieRenie"]
[Black "Scaracioli"]
[Result "0-1"]
[WhiteElo "1568"]
[BlackElo "1635"]

1. c4 d5 2. Nf3 d4 3. d3 c5 4. Nbd2 f6 5. Nb3 b6 6. g3 e5 7. Bg2 Bb7 8. O-O Bd6
9. Nbd2 Nc6 10. Qa4 a6 11. Nh4 Qd7 12. Qb3 Bc7 13. Be4 Nge7 14. a3 a5 15. Nb1
Ba6 16. Nd2 f5 17. Bxc6 Qxc6 18. e4 dxe3 19. fxe3 g6 20. Qc2 a4 21. e4 O-O 22.
Qc3 Rad8 23. Ndf3 Qd6 24. Bh6 Rf7 25. Ng5 Rf6 26. Rad1 Bb7 27. Ngf3 f4 28. gxf4
exf4 29. Ng2 Qe6 30. Ng5 Qd6 31. Nh3 Qd4+ 32. Qxd4 Rxd4 33. Nhxf4 Kf7 34. Rd2
Bxf4 35. Bxf4 Nc6 36. Ne1 Rd8 37. Rdf2 Kg8 38. Bc7 Rxf2 39. Rxf2 Rd7 40. Bxb6
Ne5 41. Bxc5 h5 42. Rd2 Kh7 43. d4 Nxc4 44. Re2 Na5 45. d5 Ba6 46. Rf2 Nb3 47.
Be3 Bb7 48. Nd3 Na5 49. Bg5 Nc4 50. Nc5 Rc7 51. Ne6 Rc8 52. Rf7+ Kg8 53. Rxb7
Nd6 54. Rg7+ Kh8 55. Bf6 Rc1+ 56. Kg2 Rc2+ 57. Kg3 Nxe4+ 58. Kf4 Nxf6 59. Ke5
Ne8 60. Rxg6 Rxh2 61. Rh6+ Kg8 62. d6 Re2+ 63. Kd5 Rxb2 64. Rxh5 Nf6+ 65. Kc6
Nxh5 66. d7 Rc2+ 67. Kd6 Rd2+ 68. Ke7 Ng3 69. d8=Q+ Rxd8 70. Nxd8 Nf5+ 71. Ke6
Ne3 0-1

[Event "Challenge"]
[Site "http://www.queenalice.com/game.php?id=1613671"]
[Date "2020.5.24"]
[Round "-"]
[White "Scaracioli"]
[Black "AuntieRenie"]
[Result "1-0"]
[WhiteElo "1630"]
[BlackElo "1555"]

1. e4 d6 2. d4 Nf6 3. Bd3 g6 4. f3 Bg7 5. Be3 O-O 6. g4 d5 7. e5 Nfd7 8. Nd2 e6
9. g5 c5 10. f4 Qa5 11. c3 c4 12. Be2 Qb6 13. b3 h6 14. gxh6 Bxh6 15. bxc4 Qb2
16. Ngf3 Qxc3 17. Kf2 b6 18. Rc1 Qa3 19. cxd5 Qxa2 20. Bc4 Qa3 21. d6 f6 22.
Bxe6+ Kg7 23. Rc7 fxe5 24. dxe5 Re8 25. Bxd7 Nxd7 26. Qc2 Kf7 27. h4 Rh8 28.
Qc4+ Kg7 29. Qe6 Qd3 30. Rxd7+ Bxd7 31. Qxd7+ Kg8 32. Qe6+ Kf8 33. Qe7+ Kg8 34.
d7 Bf8 35. Qe8 Rxe8 36. dxe8=Q Qf5 37. Rg1 Kg7 38. Bd4 Kh7 39. Be3 Rg8 40. h5
Bc5 41. hxg6+ Kg7 42. Qc6 Qd3 43. Qf6+ Kh6 44. Rh1# 1-0

[Event "Challenge"]
[Site "http://www.queenalice.com/game.php?id=1613672"]
[Date "2020.5.24"]
[Round "-"]
[White "AuntieRenie"]
[Black "Scaracioli"]
[Result "0-1"]
[WhiteElo "1542"]
[BlackElo "1661"]

1. c4 c5 2. Nc3 e6 3. Nf3 a6 4. g3 b6 5. Bg2 Bb7 6. O-O h6 7. e3 d5 8. cxd5 exd5
9. d4 c4 10. Ne5 Qd6 11. Qf3 Nf6 12. Re1 Nbd7 13. e4 dxe4 14. Qe3 Nxe5 15. Nxe4
Bxe4 16. Bxe4 Nxe4 17. Qxe4 Rd8 18. dxe5 Qc7 19. Bf4 Be7 20. e6 Bd6 21. exf7+
Kxf7 22. Qf5+ Kg8 23. Re4 Rf8 24. Qd5+ Kh7 25. Qxc4 Qxc4 26. Rxc4 Bxf4 27. Rxf4
Rxf4 28. gxf4 Rf8 29. Re1 Rxf4 30. Re6 Rb4 31. b3 a5 32. Rc6 h5 33. h3 g6 34.
Kg2 h4 35. Rc4 g5 36. Rg4 Rxg4+ 37. hxg4 Kg6 38. a3 Kf6 39. b4 axb4 40. axb4 Ke5
41. f3 b5 42. Kh3 Kf4 43. Kg2 Ke3 44. Kh3 Kxf3 45. Kh2 Kxg4 46. Kg2 h3+ 47. Kh2
Kh4 48. Kg1 Kg3 49. Kh1 g4 50. Kg1 Kh4 51. Kh1 g3 52. Kg1 h2+ 53. Kh1 Kg4 54.
Kg2 Kf4 55. Kh1 Ke4 56. Kg2 Kd4 57. Kh1 Kc4 0-1

[Event "Challenge"]
[Site "http://www.queenalice.com/game.php?id=1621415"]
[Date "2020.7.24"]
[Round "-"]
[White "Scaracioli"]
[Black "AuntieRenie"]
[Result "1-0"]
[WhiteElo "1657"]
[BlackElo "1520"]

1. e4 d6 2. d4 Nf6 3. Bd3 g6 4. Nf3 Bg7 5. c3 O-O 6. Be3 Bg4 7. h3 Bc8 8. Nbd2
b6 9. d5 Nbd7 10. O-O Bb7 11. c4 Nh5 12. Rb1 Ne5 13. Nxe5 Bxe5 14. Be2 c6 15. f4
Bg7 16. Qe1 1-0

[Event "Challenge"]
[Site "http://www.queenalice.com/game.php?id=1621416"]
[Date "2020.7.24"]
[Round "-"]
[White "AuntieRenie"]
[Black "Scaracioli"]
[Result "0-1"]
[WhiteElo "1531"]
[BlackElo "1646"]

1. c4 e5 2. Nc3 c6 3. a3 Qf6 4. Ne4 Qe7 5. c5 Nf6 6. Nxf6+ Qxf6 7. b4 Be7 8. Nf3
b6 9. Bb2 d6 10. d4 bxc5 11. dxe5 dxe5 12. Bxe5 Qg6 13. bxc5 f6 14. Bd4 Bg4 15.
h3 Bxf3 16. exf3 Nd7 17. Qa4 Nb8 0-1